000 00465nam a2200193Ia 4500
005 20250423100052.0
008 250422s9999 xx 000 0 und d
020 _a9780273724087
050 _aHD 58.7 .M85/
100 _aMullins, Laurie J.
245 0 _aManagement and oganisational behaviour
250 _a9th ed.
260 _aHarlow
260 _bPearson Education Limited
260 _c2010
300 _a860 p
650 _aManagement
942 _cBK
999 _c32190
_d32190